Tục ngữ so sánh : (838 tục ngữ Việt so sánh với gần 3000 tục ngữ Anh - Pháp - Esperanto) /
Na minha lista:
| Autor principal: | |
|---|---|
| Outros Autores: | , , |
| Formato: | Livro |
| Idioma: | Vietnamese English French Esperanto |
| Publicado em: |
Hà Nội :
Nxb. Hà Nội,
2003.
|
| Assuntos: | |
| Tags: |
Adicionar Tag
Sem tags, seja o primeiro a adicionar uma tag!
|
| Thư viện lưu trữ: | Mạng thư viện Đại học Đà Nẵng |
|---|
| LEADER | 01415cam a2200397 a 4500 | ||
|---|---|---|---|
| 001 | 000044518 | ||
| 003 | 2918 | ||
| 005 | 20060420095017.0 | ||
| 008 | 010314b2003 vm 000 | ||
| 020 | |c 76000 | ||
| 040 | |a LRC |c LRC |d LRC | ||
| 041 | 0 | |a vie |a eng |a fre |a epo | |
| 082 | 1 | 4 | |a 398.9 |b PH-V |
| 100 | 1 | |a Phạm Văn Vĩnh, |e (Chủ biên). | |
| 245 | 1 | 0 | |a Tục ngữ so sánh : |b (838 tục ngữ Việt so sánh với gần 3000 tục ngữ Anh - Pháp - Esperanto) / |c Phạm Văn Vĩnh (Chủ biên), Nguyễn Quang, Vũ Văn Chuyên, Nguyễn Văn Điện. |
| 260 | |a Hà Nội : |b Nxb. Hà Nội, |c 2003. | ||
| 300 | |a 535 tr. ; |c 20,5 cm. | ||
| 630 | 0 | 4 | |a Tục ngữ. |
| 650 | 0 | 4 | |a Việt Anh |x Tục ngữ. |
| 650 | 0 | 4 | |a Việt Pháp |x Tục ngữ. |
| 650 | 0 | 4 | |a Việt Esperanto |x Tục ngữ. |
| 700 | 1 | |a Nguyễn Quang, |c TS. | |
| 700 | 1 | |a Vũ Văn Chuyên,GS. | |
| 700 | 1 | |a Nguyễn Văn Điện. | |
| OWN | |a DUT | ||
| AVA | |a UDN50 |b DUT |c Book |d 398.9 PH-V |e available |t Error 5001 Not defined in file expand_doc_bib_avail. |f 3 |g 0 |h N |i 1 |j SH |k 1 | ||
| 999 | |a From the UDN01 | ||
| AVA | |a UDN50 |b DUT |c Book |d 398.9 PH-V |e available |t Error 5001 Not defined in file expand_doc_bib_avail. |f 3 |g 0 |h N |i 1 |j SH |k 1 | ||
| TYP | |a Monograph | ||
| TYP | |a Printed language | ||
| 980 | |a Mạng thư viện Đại học Đà Nẵng | ||